000 00399 a2200133 4500
001 ART_43248
005 20260410161738.0
008 260409a
245 1 0 _aEstabilidad y crecimiento, las metas comunes
100 1 _aDe Pablo, Juan Carlos
700 1 _aFraga, Rosendo
700 1 _aBlasco, Eduardo
773 0 _tEjecutivos de finanzas
_g- Año 7, Nº 58 (ago. 1989)
_wREV2863
999 _c18448
_d18448